| 000 | 00812nam a2200265Ia 4500 | ||
|---|---|---|---|
| 003 | OSt | ||
| 005 | 20221006152722.0 | ||
| 006 | a|||||r|||| 00| 0 | ||
| 007 | ta | ||
| 008 | 221006b |||||||| |||| 00| 0 jpn d | ||
| 024 | _a29,387 | ||
| 037 |
_bGift, Japan Foundation _cTextual |
||
| 040 |
_aEASL _cEASL _bjpn |
||
| 041 |
_2jpn _ajpn |
||
| 082 | _aV42:191.N9, N9(FMU) | ||
| 100 |
_aKOKUSAI KYORYOKU JIGYODAN Ed. _9661521 |
||
| 245 | 0 | _aKokusai kyoryoku jigyodan nenpyo, 1999 = Japan International Cooperation Agency | |
| 260 |
_aTokyo _bKokusai Kyoryoku Japan _c1999 |
||
| 300 |
_a212p. _ccm. |
||
| 490 | _v JL | ||
| 650 | _a JL | ||
| 650 | _aFMU | ||
| 942 |
_hV42:191.N9, N9(FMU) _cTEXL _2CC |
||
| 999 |
_c1097473 _d1097473 |
||